书目信息 |
| 题名: |
广州工业建筑遗产研究
|
|
| 作者: | 贾超 , 王梦寒 著 | |
| 分册: | ||
| 出版信息: | 广州 华南理工大学出版社 2020.10 |
|
| 页数: | 198页 | |
| 开本: | 26cm | |
| 丛书名: | ||
| 单 册: | ||
| 中图分类: | TU27 | |
| 科图分类: | ||
| 主题词: | 工业建筑--gong ye jian zhu--文化遗产--研究--广州 | |
| 电子资源: | ||
| ISBN: | 978-7-5623-6474-0 | |
| 000 | 01129nam0 2200301 450 | |
| 001 | CAL 0120217106211 | |
| 005 | 20210309150604. | |
| 010 | @a978-7-5623-6474-0@dCNY148.00 | |
| 092 | @aCN@bRt963-1818 | |
| 100 | @a20210309d2020 em y0chiy0120 ea | |
| 101 | 0 | @achi |
| 102 | @aCN@b440000 | |
| 105 | @aab a 000yy | |
| 106 | @ar | |
| 200 | 1 | @a广州工业建筑遗产研究@Aguang zhou gong ye jian zhu yi chan yan jiu@f贾超, 王梦寒著 |
| 210 | @a广州@c华南理工大学出版社@d2020.10 | |
| 215 | @a198页@c图, 地图@d26cm | |
| 314 | @a贾超, 建筑学博士、硕士生导师, 青岛理工大学建筑系助理等职。王梦寒, 设计学硕士、讲师等职。 | |
| 320 | @a有书目 (第195-198页) | |
| 330 | @a本专著回顾了广州工业建设的历史, 通过广州工业遗产调研案例, 分析了工业遗产特别是工业建筑遗产的特征。内容包括: 广州工业遗产概况 ; 广州工业建筑遗产的特色及工业遗产价值判定等。 | |
| 606 | 0 | @a工业建筑@Agong ye jian zhu@x文化遗产@x研究@y广州 |
| 690 | @aTU27@v5 | |
| 701 | 0 | @a贾超@Ajia chao@4著 |
| 701 | 0 | @a王梦寒@Awang meng han@4著 |
| 801 | 0 | @aCN@b人天书店@c20210309 |
| 901 | @a华南理工大学出版社 | |
| 905 | @aTSG@b0002249@dTU27@eJ239@f1 | |
| 997 | @a期货 | |
| 广州工业建筑遗产研究/贾超, 王梦寒著.-广州:华南理工大学出版社,2020.10 |
| 198页:图, 地图;26cm |
| ISBN 978-7-5623-6474-0:CNY148.00 |
| 本专著回顾了广州工业建设的历史, 通过广州工业遗产调研案例, 分析了工业遗产特别是工业建筑遗产的特征。内容包括: 广州工业遗产概况 ; 广州工业建筑遗产的特色及工业遗产价值判定等。 |
| ● |
| 相关链接 |
|
|
|
正题名:广州工业建筑遗产研究
索取号:TU27/J239
 
预约/预借
| 序号 | 登录号 | 条形码 | 馆藏地/架位号 | 状态 | 备注 |
| 1 | 1549643 | 215496434 | 建筑库101/101建筑库 72排3列5层/ [索取号:TU27/J239] | 在馆 |